000 00664nam a2200193 4500
001 147959
003 ES-MaACL
005 20240516063057.0
007 t|
008 070214s1959 sp r ||||1| spa d
100 0 _aStevenson, Robert Louis,
_d1850-1894
_9108169
245 1 3 _aEl doctor Jekyll y el señor Hyde /
_cRobert Louis Stevenson ; traducción del inglés de B. Montuenga.
250 _aEd. bilingüe, [1ª ed. de esta serie].
260 _aMadrid :
_bAlhambra,
_c[1959] (
_fNuevas Gráficas)
300 _a116 p. ;
_c18 cm.
700 1 _aMontuenga, Benito.
_9174105
852 _aES-MaACL
_jC-18075
_bR.43986
999 _c147959
_d147959